| 000 | 00408nam a22001337a 4500 | ||
|---|---|---|---|
| 003 | PILC | ||
| 005 | 20150930150650.0 | ||
| 008 | 150930b xxu||||| |||| 00| 0 eng d | ||
| 050 |
_aHG 173 _b.B218 1973 |
||
| 245 |
_aBanking laws of the the Philippines / _ccompiled and edited by Rex Editorial Staff. |
||
| 260 |
_aManila : _bRex BookStore, _c1973. |
||
| 300 |
_aiii, 201 pages ; _c22 cm. |
||
| 942 |
_2lcc _cBK _kLOC |
||
| 999 |
_c288784 _d288784 |
||